[Event "Novi Sad op"]
[Site "Novi Sad"]
[Date "1989.??.??"]
[Round "1"]
[White "Dragovic, Momcilo"]
[Black "Petrovic, Dragoljub"]
[Result "0-1"]
[WhiteElo "2335"]
[BlackElo "2245"]
[PlyCount "80"]
[EventDate "1989.??.??"]
[EventType "swiss"]
[EventRounds "9"]
[EventCountry "YUG"]
[SourceTitle "EXT 2000"]
[Source "ChessBase"]
[SourceDate "1999.11.16"]
[SourceVersion "1"]
[SourceVersionDate "1999.11.16"]
[SourceQuality "1"]

1. d4 Nf6 2. Bg5 g6 3. Nc3 Bg7 4. e4 d6 5. h3 c6 6. a4 0-0 7. Nf3 Qc7 8. Qd2 Nbd7 9. Bc4 Nxe4 10. Nxe4 d5 11. Bxd5 cxd5 12. Nc3 Qd6 13. 0-0 a6 14. Rfe1 e6 15. a5 b5 16. axb6 Nxb6 17. b3 Bd7 18. Ne5 Rfc8 19. Ng4 Qb4 20. Nf6+ Bxf6 21. Bxf6 Rxc3 22. Re5 Bb5 23. Rd1 Nd7 24. Re3 Rac8 25. Be7 Qxe7 26. Rxc3 Rb8 27. Qf4 Kg7 28. Rc7 Rd8 29. c4 dxc4 30. bxc4 Ba4 31. Rb1 Qf6 32. Qe4 Nf8 33. Rbb7 Be8 34. d5 Nd7 35. d6 Qa1+ 36. Kh2 Kf6 37. f4 e5 38. fxe5+ Nxe5 39. c5 Bd7 40. c6 Bf5 0-1